| 000 | 00369pab a2200157 454500 | ||
|---|---|---|---|
| 008 | 180718b2000 xxu||||| |||| 00| 0 eng d | ||
| 100 | _aBajpai, Nirupam | ||
| 245 | _aI.T. industry: great prospects ahead | ||
| 260 | _c2000 | ||
| 300 | _ap.10 | ||
| 362 | _a29 Mar | ||
| 650 | _aInformation technology | ||
| 700 | _aRadjou, Navi | ||
| 773 | _aHindu | ||
| 909 | _a44980 | ||
| 999 |
_c44980 _d44980 |
||